000 00320 a2200121 4500
000 nam a22 7a 4500
005 20260313100240.0
020 _a9781032967653
100 _aDomingo GarcĂ­a
_91131919
245 _aConvex Analysis in Polynomial Spaces with Applications
260 _bCRC Press
_c2026
942 _cTEXL
999 _c1715296
_d1715296